| 000 | 00353nam a2200133Ia 4500 | ||
|---|---|---|---|
| 008 | 231228s2008 xx 000 0 und d | ||
| 041 | _aeng | ||
| 082 | _bBER | ||
| 100 | _aBERMAN (Kenneth A.)/ PAUL (Jerome L.) | ||
| 245 | _aAlgorithms | ||
| 250 | _a1st Rep. | ||
| 260 |
_aNew Delhi _bCengage Learning India Pvt. Ltd New Delhi _c2008 |
||
| 300 | _a759 | ||
| 999 |
_c1064287 _d1064287 |
||